[Event "Trondheim CC-ch Master"]
[Site "Trondheim"]
[Date "2020.02.03"]
[Round "3"]
[White "Kyrkjebo, Marte Bakken"]
[Black "Unhjem, Bjorn Robert Lovoll"]
[Result "0-1"]
[WhiteElo "1880"]
[BlackElo "1996"]
[PlyCount "82"]
[EventDate "2020.01.20"]
[EventType "tourn"]
[EventRounds "9"]
[EventCountry "NOR"]
[SourceTitle "EXT 2024"]
[Source "ChessBase"]
[SourceDate "2023.10.10"]
[SourceVersion "1"]
[SourceVersionDate "2023.10.10"]
[SourceQuality "1"]

1. e4 e5 2. Nf3 Nc6 3. d4 exd4 4. Nxd4 Nf6 5. Nc3 Bb4 6. Nxc6 bxc6 7. Bd3 d5 8. exd5 0-0 9. 0-0 cxd5 10. Qf3 Bg4 11. Qg3 Qd7 12. h3 Bf5 13. Qf3 Bxd3 14. Qxd3 Bxc3 15. Qxc3 Ne4 16. Qd3 Nc5 17. Qg3 Rab8 18. b3 f5 19. Ba3 Ne4 20. Qd3 Rfd8 21. Rfe1 Qb5 22. Rad1 Qb6 23. Qe3 d4 24. Qf4 Qa5 25. Bb2 Qc5 26. Rc1 Rb6 27. Kh2 Rh6 28. Qf3 Rh4 29. g3 Rxh3+ 30. Kg2 Rh6 31. Qd3 Qc6 32. Qf3 Qg6 33. Rh1 Rxh1 34. Rxh1 Ng5 35. Qh5 Qc6+ 36. Kf1 Rd6 37. Rg1 Nf3 38. Rg2 Qe4 39. Rh2 Nd2+ 40. Kg1 Qe1+ 41. Kg2 Qf1# 0-1

[Event "Trondheim CC-ch Master"]
[Site "Trondheim"]
[Date "2020.01.20"]
[Round "1"]
[White "Kyrkjebo, Marte Bakken"]
[Black "Monsoy, Arild Edin"]
[Result "1-0"]
[WhiteElo "1880"]
[BlackElo "1881"]
[PlyCount "87"]
[EventDate "2020.01.20"]
[EventType "tourn"]
[EventRounds "9"]
[EventCountry "NOR"]
[SourceTitle "EXT 2024"]
[Source "ChessBase"]
[SourceDate "2023.10.10"]
[SourceVersion "1"]
[SourceVersionDate "2023.10.10"]
[SourceQuality "1"]

1. e4 d6 2. d4 Nc6 3. Nc3 e5 4. Nf3 Bg4 5. d5 Nd4 6. Be3 Nxf3+ 7. gxf3 Bd7 8. f4 exf4 9. Bxf4 Ne7 10. Qd2 Ng6 11. Bg3 h5 12. h3 Be7 13. 0-0-0 a6 14. Kb1 Bh4 15. Bh2 Ne5 16. Bg2 g5 17. f4 gxf4 18. Bxf4 Qe7 19. Qd4 Bf6 20. Qf2 Ng6 21. Bd2 Bh4 22. Qe3 Ne5 23. Qd4 Rg8 24. Rhg1 b6 25. Bf3 0-0-0 26. Bxh5 Bxh3 27. Be2 Kb7 28. Qa4 a5 29. Qb5 Bc8 30. Na4 Rxg1 31. Rxg1 Qd7 32. Qb3 Bf2 33. Rf1 Bc5 34. Nxc5+ dxc5 35. Bxa5 Rg8 36. Bc3 Re8 37. Bb5 c6 38. dxc6+ Nxc6 39. Rxf7 Re7 40. Rxe7 Qxe7 41. Bxc6+ Kxc6 42. Qd5+ Kb5 43. a4+ Ka6 44. Qa8+ 1-0

[Event "Sharjah Cup (Women) 10th"]
[Site "Sharjah"]
[Date "2020.01.09"]
[Round "7"]
[White "Kyrkjebo, Marte Bakken"]
[Black "Khukhashvili, Sopiko"]
[Result "0-1"]
[WhiteElo "1880"]
[BlackElo "2343"]
[PlyCount "66"]
[EventDate "2020.01.04"]
[EventType "swiss"]
[EventRounds "9"]
[EventCountry "UAE"]
[SourceTitle "CBM 194 Extra"]
[Source "ChessBase"]
[SourceDate "2020.03.31"]
[SourceVersion "1"]
[SourceVersionDate "2020.03.31"]
[SourceQuality "1"]

1. e4 c5 2. Nf3 e6 3. d3 Nc6 4. g3 d6 5. Bg2 Be7 6. 0-0 Nf6 7. c3 Rb8 8. Nbd2 e5 9. b3 b6 10. Bb2 Ba6 11. c4 Nd7 12. Re1 b5 13. Qc1 h5 14. h3 h4 15. g4 Nf8 16. Nf1 Ne6 17. Ne3 Nf4 18. Qd2 Bg5 19. Nxg5 Qxg5 20. Red1 Ne7 21. Qa5 Bc8 22. Qc7 Rb6 23. cxb5 0-0 24. Qxa7 Rxb5 25. Qc7 Qf6 26. Nc4 Nxg2 27. Kxg2 Bxg4 28. hxg4 h3+ 29. Kxh3 Qf3+ 30. Kh2 Ng6 31. Rg1 Nf4 32. Rg3 Qxf2+ 33. Kh1 Qxg3 0-1

[Event "Sharjah Cup (Women) 10th"]
[Site "Sharjah"]
[Date "2020.01.06"]
[Round "3"]
[White "Kyrkjebo, Marte Bakken"]
[Black "Kaushika, Sridharan1111"]
[Result "1-0"]
[WhiteElo "1880"]
[BlackElo "1205"]
[PlyCount "71"]
[EventDate "2020.01.04"]
[EventType "swiss"]
[EventRounds "9"]
[EventCountry "UAE"]
[SourceTitle "CBM 194 Extra"]
[Source "ChessBase"]
[SourceDate "2020.03.31"]
[SourceVersion "1"]
[SourceVersionDate "2020.03.31"]
[SourceQuality "1"]

1. e4 c6 2. d4 d5 3. e5 Bf5 4. Nf3 e6 5. Be2 Ne7 6. 0-0 c5 7. Be3 c4 8. b3 b5 9. a4 Qa5 10. Bd2 Qa6 11. Na3 bxa4 12. bxc4 Qc8 13. Nb5 Ng6 14. Ba5 Na6 15. c5 Be7 16. Nd6+ Bxd6 17. Bb5+ Kf8 18. exd6 Nb8 19. Rxa4 Nc6 20. Bc7 Nb8 21. Qa1 a6 22. Bxb8 Rxb8 23. Bxa6 Qd7 24. Bd3 Bxd3 25. cxd3 Nf4 26. Ra7 Qd8 27. Qa3 h5 28. c6 Rc8 29. d7+ Kg8 30. dxc8Q Qxc8 31. Ra8 Qxa8 32. Qxa8+ Kh7 33. Ng5+ Kg6 34. Qxh8 Kxg5 35. Qxg7+ Kh4 36. Qg3# 1-0

[Event "EU-chT (Women) 22nd"]
[Site "Batumi"]
[Date "2019.11.02"]
[Round "9.4"]
[White "Kyrkjebo, Marte Bakken"]
[Black "Lehtinen, Helja"]
[Result "1/2-1/2"]
[WhiteElo "1871"]
[BlackElo "1802"]
[PlyCount "76"]
[EventDate "2019.10.24"]
[EventType "team-swiss"]
[EventRounds "9"]
[EventCountry "GEO"]
[SourceTitle "CBM 192 Extra"]
[Source "Chessbase"]
[SourceDate "2019.11.06"]
[SourceVersion "1"]
[SourceVersionDate "2019.11.06"]
[SourceQuality "1"]
[WhiteTeam "Norway (W)"]
[BlackTeam "Finland (W)"]
[WhiteTeamCountry "NOR"]
[BlackTeamCountry "FIN"]

1. e4 c5 2. Nf3 e6 3. b3 Nc6 4. Bb2 Nf6 5. e5 Nd5 6. g3 Be7 7. Bg2 0-0 8. 0-0 f6 9. exf6 Bxf6 10. Bxf6 Qxf6 11. Na3 Nde7 12. d3 d5 13. Qd2 e5 14. Qg5 Qxg5 15. Nxg5 Nd4 16. c4 h6 17. Nh3 Nf3+ 18. Kh1 g5 19. Rfd1 Bg4 20. Rdc1 b6 21. Ng1 Nxg1 22. Kxg1 Bf3 23. Bxf3 Rxf3 24. Rd1 Raf8 25. Rd2 Rd8 26. Kg2 Rf6 27. Re1 Nc6 28. cxd5 Rxd5 29. Nc4 Rf7 30. Re3 Rfd7 31. Kf1 Rf7 32. Kg2 Kg7 33. Rde2 Re7 34. Rd2 Kf6 35. Rf3+ Kg7 36. Re3 Kf6 37. Rf3+ Kg7 38. Re3 Kf6 1/2-1/2

[Event "EU-chT (Women) 22nd"]
[Site "Batumi"]
[Date "2019.10.28"]
[Round "5.14"]
[White "Polterauer, Chiara"]
[Black "Kyrkjebo, Marte Bakken"]
[Result "1-0"]
[WhiteElo "2172"]
[BlackElo "1871"]
[PlyCount "69"]
[EventDate "2019.10.24"]
[EventType "team-swiss"]
[EventRounds "9"]
[EventCountry "GEO"]
[SourceTitle "CBM 192 Extra"]
[Source "Chessbase"]
[SourceDate "2019.11.06"]
[SourceVersion "1"]
[SourceVersionDate "2019.11.06"]
[SourceQuality "1"]
[WhiteTeam "Austria (W)"]
[BlackTeam "Norway (W)"]
[WhiteTeamCountry "AUT"]
[BlackTeamCountry "NOR"]

1. e4 e5 2. Nf3 Nc6 3. d4 exd4 4. Nxd4 Bb4+ 5. Nc3 Nf6 6. Nxc6 bxc6 7. Bd3 d5 8. exd5 cxd5 9. 0-0 0-0 10. h3 c6 11. Qf3 Be6 12. Ne2 Bd6 13. Bf4 Bxf4 14. Nxf4 Bd7 15. c4 Qa5 16. cxd5 cxd5 17. Rfd1 Bc6 18. Rac1 Rac8 19. a3 Qb6 20. b4 Rfd8 21. Nh5 Nxh5 22. Qxh5 g6 23. Qh4 Kg7 24. Rc5 Ba4 25. Rdc1 Qb7 26. Qd4+ Kg8 27. b5 Rxc5 28. Rxc5 Qb6 29. Qb4 a5 30. bxa6 Qxb4 31. axb4 Ra8 32. b5 Rb8 33. a7 Ra8 34. b6 Bd7 35. b7 1-0

[Event "EU-chT (Women) 22nd"]
[Site "Batumi"]
[Date "2019.10.25"]
[Round "2.13"]
[White "Golsta, Madara"]
[Black "Kyrkjebo, Marte Bakken"]
[Result "1-0"]
[WhiteElo "1987"]
[BlackElo "1871"]
[PlyCount "67"]
[EventDate "2019.10.24"]
[EventType "team-swiss"]
[EventRounds "9"]
[EventCountry "GEO"]
[SourceTitle "CBM 192 Extra"]
[Source "Chessbase"]
[SourceDate "2019.11.06"]
[SourceVersion "1"]
[SourceVersionDate "2019.11.06"]
[SourceQuality "1"]
[WhiteTeam "Latvia (W)"]
[BlackTeam "Norway (W)"]
[WhiteTeamCountry "LAT"]
[BlackTeamCountry "NOR"]

1. e4 e5 2. Nf3 Nc6 3. d4 exd4 4. Nxd4 Bc5 5. Nb3 Bb6 6. Nc3 d6 7. Qe2 Nf6 8. Bg5 h6 9. Be3 0-0 10. 0-0-0 Re8 11. f3 Be6 12. g4 Bxe3+ 13. Qxe3 Nh7 14. h4 Qe7 15. Be2 Ne5 16. Nd4 c6 17. Rdg1 Bc4 18. f4 Bxe2 19. Qxe2 Nd7 20. g5 Kh8 21. Nf5 Qf8 22. Qd2 Re6 23. gxh6 gxh6 24. Qd4+ Ndf6 25. Ng7 Re7 26. Rg2 Rd8 27. Rd1 c5 28. Qd3 Ne8 29. Nf5 Re6 30. Nd5 Rg6 31. Rdg1 Rxg2 32. Rxg2 f6 33. Nfe7 Ng7 34. Ng6+ 1-0

[Event "NOR-ch (Women)"]
[Site "Baerum"]
[Date "2019.03.16"]
[Round "3"]
[White "Helliesen, Lykke Merlot"]
[Black "Kyrkjebo, Marte Bakken"]
[Result "0-1"]
[WhiteElo "1579"]
[BlackElo "1830"]
[PlyCount "60"]
[EventDate "2019.03.15"]
[EventType "swiss"]
[EventRounds "5"]
[EventCountry "NOR"]
[SourceTitle "CBM 189 Extra"]
[Source "ChessBase"]
[SourceDate "2019.06.03"]
[SourceVersion "1"]
[SourceVersionDate "2019.06.03"]
[SourceQuality "1"]

1. e4 e5 2. Nf3 Nc6 3. Bc4 Bc5 4. Nc3 Nf6 5. 0-0 d6 6. h3 0-0 7. d3 h6 8. Be3 Bb6 9. Qd2 Nh7 10. Nd5 Bxe3 11. fxe3 Ne7 12. d4 Nxd5 13. Bxd5 Qe7 14. Qc3 exd4 15. Qxd4 Nf6 16. e5 dxe5 17. Nxe5 c5 18. Ng6 Qc7 19. Qd3 Rd8 20. Nf4 Nxd5 21. Nxd5 Qe5 22. Rad1 Be6 23. Ne7+ Kh8 24. Qc3 Qg5 25. Rxd8+ Rxd8 26. Nf5 Bxf5 27. Qxc5 Be4 28. Qxg5 hxg5 29. Rxf7 Rd2 30. Rf8+ Kh7 0-1

[Event "Wch U20 Girls 36th"]
[Site "Manavgat"]
[Date "2018.09.11"]
[Round "7"]
[White "Kyrkjebo, Marte Bakken"]
[Black "Rousseau, Christilla"]
[Result "1/2-1/2"]
[WhiteElo "1935"]
[BlackElo "1677"]
[PlyCount "97"]
[EventDate "2018.09.05"]
[EventType "swiss"]
[EventRounds "11"]
[EventCountry "TUR"]
[SourceTitle "CBM 186 Extra"]
[Source "ChessBase"]
[SourceDate "2018.08.24"]
[SourceVersion "1"]
[SourceVersionDate "2018.08.24"]
[SourceQuality "1"]

1. e4 c6 2. d4 d5 3. e5 Bf5 4. Nf3 e6 5. Be2 c5 6. Be3 Qb6 7. Nc3 c4 8. Qc1 Nc6 9. 0-0 Qd8 10. Qd2 h6 11. Ne1 Nge7 12. f4 Bh7 13. Nf3 Nf5 14. Bf2 a6 15. g4 Nfe7 16. Bg3 b5 17. Nh4 Qb6 18. Rad1 Qd8 19. Ra1 Qb6 20. Rad1 Nc8 21. Kh1 b4 22. Na4 Qa5 23. b3 c3 24. Qc1 Be7 25. Ng2 N8a7 26. f5 Bg5 27. Bf4 Bxf4 28. Qxf4 0-0 29. f6 g5 30. Qg3 Bxc2 31. Qh3 Kh7 32. Bd3+ Bxd3 33. Qxd3+ Kh8 34. Rf3 Rg8 35. Rh3 Rg6 36. Rh5 Qb5 37. Qc2 Nxd4 38. Qf2 c2 39. Qxd4 cxd1Q+ 40. Qxd1 Rc8 41. h4 Qc6 42. Kh2 Qc2 43. Qf3 Qe4 44. Qg3 Rc2 45. hxg5 Rxg2+ 46. Qxg2 Qxe5+ 47. Kg1 Qe1+ 48. Kh2 Qe5+ 49. Kg1 1/2-1/2

[Event "NOR-ch U20"]
[Site "Sarpsborg"]
[Date "2018.07.09"]
[Round "4"]
[White "Kyrkjebo, Marte Bakken"]
[Black "Berbom, Henrik"]
[Result "1-0"]
[WhiteElo "1932"]
[BlackElo "1419"]
[PlyCount "63"]
[EventDate "2018.07.07"]
[EventType "swiss"]
[EventRounds "9"]
[EventCountry "NOR"]
[SourceTitle "EXT 2024"]
[Source "ChessBase"]
[SourceDate "2023.10.10"]
[SourceVersion "1"]
[SourceVersionDate "2023.10.10"]
[SourceQuality "1"]

1. e4 e6 2. d3 d5 3. Qe2 Nf6 4. Nf3 c5 5. g3 Nc6 6. Bg2 b6 7. 0-0 Qc7 8. e5 Nd7 9. Bf4 Bb7 10. c3 Qd8 11. Re1 Be7 12. h4 0-0 13. Nbd2 h6 14. h5 Bg5 15. Bxg5 hxg5 16. Bh3 Qe7 17. Nf1 d4 18. c4 a6 19. N1h2 b5 20. b3 Nb6 21. Qd2 bxc4 22. bxc4 Nb4 23. a3 Nc6 24. Nxg5 Na4 25. Ng4 Nc3 26. h6 g6 27. Nf6+ Kh8 28. Qf4 Nb8 29. Bg2 Bxg2 30. Kxg2 Nd7 31. Nxd7 Qxd7 32. Qf6+ 1-0

[Event "Alesund Grand Prix A"]
[Site "Alesund"]
[Date "2018.04.07"]
[Round "3"]
[White "Kyrkjebo, Marte Bakken"]
[Black "Unhjem, Bjorn Robert Lovoll"]
[Result "1/2-1/2"]
[WhiteElo "1863"]
[BlackElo "1706"]
[PlyCount "127"]
[EventDate "2018.04.07"]
[EventType "swiss"]
[EventRounds "6"]
[EventCountry "NOR"]
[SourceTitle "EXT 2024"]
[Source "ChessBase"]
[SourceDate "2023.10.10"]
[SourceVersion "1"]
[SourceVersionDate "2023.10.10"]
[SourceQuality "1"]

1. e4 c5 2. Nf3 g6 3. d4 cxd4 4. Qxd4 Nf6 5. Nc3 Nc6 6. Qa4 d6 7. e5 dxe5 8. Nxe5 Bd7 9. Nxd7 Qxd7 10. Be3 Bg7 11. Be2 0-0 12. Rd1 Qf5 13. 0-0 Rfd8 14. Bf3 e5 15. Bxc6 bxc6 16. Rxd8+ Rxd8 17. Qxc6 Qxc2 18. Nd5 Qxc6 19. Ne7+ Kf8 20. Nxc6 Rc8 21. Nxe5 Rc2 22. Nd3 Ne4 23. Rc1 Rxc1+ 24. Bxc1 Ke7 25. Be3 a6 26. f3 Nd6 27. b3 Bc3 28. Nf4 Kd7 29. Nd5 Bb2 30. Nb6+ Kc6 31. Nc4 Nxc4 32. bxc4 Be5 33. Kf2 f5 34. g3 h5 35. Ke2 h4 36. Bf4 Bf6 37. gxh4 Bxh4 38. Kd3 Bf6 39. Be3 Be5 40. h3 Bf6 41. Bd4 Bg5 42. Kc3 Bd8 43. Kb4 Bc7 44. Be3 Bd8 45. Bf4 Bb6 46. Be5 Bd8 47. Bd4 Bc7 48. Ba7 Kb7 49. Be3 Kc6 50. Ka4 Bd8 51. Kb3 Bf6 52. Kb4 Bd8 53. Kc3 Bf6+ 54. Bd4 Bg5 55. Kd3 Bf4 56. Bf2 Bc7 57. Bd4 Bf4 58. Bf6 Bc1 59. Kc2 Be3 60. Kc3 Bc5 61. Bd4 Bd6 62. Kb3 Bf4 63. Kb4 Bc7 64. Kc3 1/2-1/2

[Event "Alesund Grand Prix A"]
[Site "Alesund"]
[Date "2018.04.06"]
[Round "2"]
[White "Kizatbay, Abyl"]
[Black "Kyrkjebo, Marte Bakken"]
[Result "1-0"]
[WhiteElo "2095"]
[BlackElo "1863"]
[PlyCount "46"]
[EventDate "2018.04.06"]
[EventType "swiss (rapid)"]
[EventRounds "6"]
[EventCountry "NOR"]
[SourceTitle "EXT 2024"]
[Source "ChessBase"]
[SourceDate "2023.10.10"]
[SourceVersion "1"]
[SourceVersionDate "2023.10.10"]
[SourceQuality "1"]

1. e4 e5 2. Nf3 Nc6 3. Bb5 a6 4. Ba4 Nf6 5. 0-0 b5 6. Bb3 Bc5 7. c3 d6 8. d4 Bb6 9. Re1 0-0 10. a4 Bb7 11. d5 Ne7 12. Be3 Bxe3 13. Rxe3 Ng6 14. axb5 axb5 15. Rxa8 Qxa8 16. Na3 Ba6 17. Nc2 c6 18. dxc6 Qxc6 19. Nb4 Qb6 20. Nxa6 Qxa6 21. Ng5 h6 22. Nh3 Kh7 23. Qd2 Qc6 1-0

[Event "Bronshoj Lang Weekend"]
[Site "Copenhagen"]
[Date "2018.02.17"]
[Round "5"]
[White "Kyrkjebo, Marte Bakken"]
[Black "Nielsen, Thomas Bach"]
[Result "1/2-1/2"]
[WhiteElo "1835"]
[BlackElo "2168"]
[PlyCount "38"]
[EventDate "2018.02.15"]
[EventType "swiss"]
[EventRounds "7"]
[EventCountry "DEN"]
[SourceTitle "CBM 183 Extra"]
[Source "ChessBase"]
[SourceDate "2018.04.19"]
[SourceVersion "1"]
[SourceVersionDate "2018.04.19"]
[SourceQuality "1"]

1. e4 c6 2. d4 d5 3. Nc3 dxe4 4. Nxe4 Bf5 5. Ng3 Bg6 6. h4 h6 7. Nh3 e6 8. Nf4 Bh7 9. Bc4 Bd6 10. c3 Nf6 11. 0-0 Nbd7 12. Re1 Qc7 13. Qf3 0-0 14. Ngh5 Rae8 15. Bd3 e5 16. Bxh7+ Kxh7 17. Nxf6+ Nxf6 18. dxe5 Bxe5 19. Be3 b6 1/2-1/2

[Event "Bronshoj Lang Weekend"]
[Site "Copenhagen"]
[Date "2018.02.16"]
[Round "2"]
[White "Rostgaard, Tobias Valentin"]
[Black "Kyrkjebo, Marte Bakken"]
[Result "1-0"]
[WhiteElo "2305"]
[BlackElo "1835"]
[PlyCount "103"]
[EventDate "2018.02.15"]
[EventType "swiss"]
[EventRounds "7"]
[EventCountry "DEN"]
[SourceTitle "CBM 183 Extra"]
[Source "ChessBase"]
[SourceDate "2018.04.19"]
[SourceVersion "1"]
[SourceVersionDate "2018.04.19"]
[SourceQuality "1"]

1. d4 Nf6 2. Bf4 e6 3. e3 c5 4. c3 b6 5. Nf3 Bb7 6. Nbd2 Be7 7. Bd3 d5 8. Ne5 0-0 9. 0-0 Nbd7 10. Qf3 Re8 11. g4 Qc8 12. Bc2 Nxe5 13. Bxe5 Nd7 14. Qh3 Nf8 15. Rac1 Qd7 16. Bg3 Bd6 17. Bxd6 Qxd6 18. f4 f6 19. Qg3 Qe7 20. Nf3 Rac8 21. Bd3 a6 22. a3 b5 23. b4 c4 24. Bc2 Rc7 25. Ra1 Bc6 26. a4 Ra7 27. g5 f5 28. Ne5 Rc8 29. Ra2 Be8 30. Rfa1 Rb7 31. axb5 axb5 32. Bd1 Rcb8 33. h4 Ng6 34. Qe1 Nxe5 35. dxe5 Qc7 36. Qd2 Qb6 37. Ra6 Qc7 38. Rxe6 Bf7 39. Rea6 Qe7 40. Qd4 Be6 41. Bf3 Rd8 42. Ra7 Rdd7 43. Ra8+ Rd8 44. Rxd8+ Qxd8 45. Ra6 Kf7 46. h5 g6 47. Qc5 Qd7 48. Rd6 Qe7 49. Bxd5 Bxd5 50. Qxd5+ Ke8 51. Qg8+ Qf8 52. Rd8+ 1-0

[Event "Helsingor Xtracon op"]
[Site "Helsingor"]
[Date "2017.07.29"]
[Round "9"]
[White "Kyrkjebo, Marte Bakken"]
[Black "Matsumura, Cocoro"]
[Result "1-0"]
[WhiteElo "1833"]
[BlackElo "1621"]
[PlyCount "142"]
[EventDate "2017.07.22"]
[EventType "swiss"]
[EventRounds "10"]
[EventCountry "DEN"]
[SourceTitle "CBM 179 Extra"]
[Source "ChessBase"]
[SourceDate "2017.08.23"]
[SourceVersion "1"]
[SourceVersionDate "2017.08.23"]
[SourceQuality "1"]

1. e4 c5 2. Nf3 a6 3. c3 d5 4. d3 dxe4 5. dxe4 Qxd1+ 6. Kxd1 g6 7. Be3 Nd7 8. Nbd2 Ngf6 9. h3 b6 10. Bd3 Bb7 11. Ke2 Bg7 12. Rhd1 0-0 13. Rac1 Rfd8 14. b4 Rac8 15. a3 Ne8 16. a4 Nd6 17. Bb1 Kf8 18. Bf4 cxb4 19. cxb4 e5 20. Be3 b5 21. axb5 Nxb5 22. Nc4 Ke7 23. Rxd7+ Rxd7 24. Bc5+ Rxc5 25. bxc5 Rc7 26. Ncxe5 Bxe5 27. Nxe5 Ke6 28. Nf3 f6 29. Ba2+ Kd7 30. Bd5 Bc6 31. Kd3 f5 32. Ne5+ Ke7 33. Nxc6+ Kd7 34. Na5 fxe4+ 35. Bxe4 Nd6 36. c6+ Kd8 37. Nb7+ Ke7 38. Nxd6 Kxd6 39. Rb1 Rc8 40. Rb7 h6 41. Ra7 g5 42. Rxa6 Kc7 43. Ra7+ Kb6 44. Rb7+ Kc5 45. c7 Kd6 46. Bf5 Rxc7 47. Rxc7 Kxc7 48. Ke4 Kd6 49. Bg4 Ke7 50. Kf5 Kf7 51. Bh5+ Kg7 52. Ke6 Kg8 53. Kf6 Kh7 54. Kf7 g4 55. hxg4 Kh8 56. Kg6 Kg8 57. Kxh6 Kh8 58. g5 Kg8 59. g6 Kh8 60. g7+ Kg8 61. Bf7+ Kxf7 62. Kh7 Kf6 63. g8Q Ke5 64. Qf8 Ke6 65. g4 Ke5 66. g5 Ke6 67. g6 Ke5 68. g7 Ke4 69. g8Q Kd4 70. Qe6 Kc3 71. Qd8 Kb4 1-0

[Event "Helsingor Xtracon op"]
[Site "Helsingor"]
[Date "2017.07.22"]
[Round "1"]
[White "Kyrkjebo, Marte Bakken"]
[Black "Hoi, Carsten"]
[Result "0-1"]
[WhiteElo "1833"]
[BlackElo "2356"]
[PlyCount "54"]
[EventDate "2017.07.22"]
[EventType "swiss"]
[EventRounds "10"]
[EventCountry "DEN"]
[SourceTitle "CBM 179 Extra"]
[Source "ChessBase"]
[SourceDate "2017.08.23"]
[SourceVersion "1"]
[SourceVersionDate "2017.08.23"]
[SourceQuality "1"]

1. e4 g6 2. d4 Bg7 3. Nc3 d6 4. Be3 c6 5. Qd2 b5 6. 0-0-0 Nd7 7. Kb1 Nb6 8. Bd3 Rb8 9. Qe1 Nf6 10. f3 Qc7 11. h4 b4 12. Nce2 a5 13. g4 h5 14. g5 Nfd7 15. f4 c5 16. dxc5 Nxc5 17. Bd4 e5 18. fxe5 dxe5 19. Be3 0-0 20. Ng3 Be6 21. Qf2 Nba4 22. N1e2 Rfc8 23. Rc1 Qd7 24. Rhd1 Nxb2 25. Kxb2 Qa4 26. Ra1 Nxd3+ 27. cxd3 Qc2# 0-1

[Event "Barcelona Sant Marti op-A 19th"]
[Site "Barcelona"]
[Date "2017.07.18"]
[Round "6"]
[White "Kyrkjebo, Marte Bakken"]
[Black "Valls Marti, Artur"]
[Result "0-1"]
[WhiteElo "1833"]
[BlackElo "2140"]
[PlyCount "122"]
[EventDate "2017.07.13"]
[EventType "swiss"]
[EventRounds "9"]
[EventCountry "ESP"]
[SourceTitle "EXT 2018"]
[Source "ChessBase"]
[SourceDate "2017.10.13"]
[SourceVersion "1"]
[SourceVersionDate "2017.10.13"]
[SourceQuality "1"]

1. e4 e5 2. Nf3 Nc6 3. d4 exd4 4. Nxd4 Nf6 5. Nxc6 bxc6 6. e5 Qe7 7. Qe2 Nd5 8. c4 Ba6 9. b3 g6 10. f4 Bg7 11. Qf2 Nf6 12. Ba3 Ng4 13. Qg3 Qe6 14. Bb2 0-0 15. Be2 Nh6 16. 0-0 d5 17. Nd2 Rfd8 18. Qf2 Bf8 19. Kh1 Qf5 20. Rac1 Bb4 21. Bc3 Ba3 22. Rcd1 Qc2 23. Ba1 dxc4 24. Nxc4 Qxa2 25. Rxd8+ Rxd8 26. Qh4 Re8 27. e6 Qxe2 28. Re1 Be7 29. exf7+ Kxf7 30. Qg3 Bxc4 31. Rxe2 Bxe2 32. Qc3 Ng4 33. Qg7+ Ke6 34. Qb2 Bb5 35. h3 Nf6 36. Qe5+ Kd7 37. Qd4+ Nd5 38. Kh2 Bd6 39. g3 a6 40. Bb2 Re2+ 41. Kh1 Ne7 42. Qg7 Bd3 43. Be5 Be4+ 44. Kg1 Rg2+ 45. Kf1 Rxg3 46. Qxh7 Rxb3 47. Ke2 Bf5 48. h4 a5 49. Qh8 a4 50. Qa8 a3 51. Qa4 Rb2+ 52. Ke3 Rh2 53. Kf3 a2 54. Ba1 Be6 55. Qd4 Rxh4 56. Qb2 Rxf4+ 57. Ke3 g5 58. Qg7 g4 59. Ke2 g3 60. Qg5 Bg4+ 61. Kd3 g2 0-1

[Event "Barcelona Sant Marti op-A 19th"]
[Site "Barcelona"]
[Date "2017.07.17"]
[Round "5"]
[White "Kyrkjebo, Marte Bakken"]
[Black "Ryan, Joseph"]
[Result "0-1"]
[WhiteElo "1833"]
[BlackElo "2284"]
[PlyCount "68"]
[EventDate "2017.07.13"]
[EventType "swiss"]
[EventRounds "9"]
[EventCountry "ESP"]
[SourceTitle "EXT 2018"]
[Source "ChessBase"]
[SourceDate "2017.10.13"]
[SourceVersion "1"]
[SourceVersionDate "2017.10.13"]
[SourceQuality "1"]

1. e4 c6 2. d4 d5 3. e5 Bf5 4. Nf3 e6 5. Be2 Bg6 6. 0-0 Ne7 7. Nbd2 c5 8. dxc5 Nec6 9. Nb3 Nd7 10. Bf4 Nxc5 11. Nxc5 Bxc5 12. Re1 Qb6 13. Bg3 0-0 14. Qc1 Nb4 15. Bd1 Rac8 16. a3 Nc6 17. Nh4 Be4 18. Bf3 Bxf3 19. Nxf3 Be7 20. Qd2 Na5 21. Rab1 Nc4 22. Qe2 Rc7 23. c3 Rfc8 24. Nd4 Bc5 25. Red1 Bxd4 26. cxd4 Na5 27. h3 Rc2 28. Rd2 Rxd2 29. Qxd2 Nb3 30. Qd3 Nxd4 31. Rd1 Nf5 32. Bf4 Rc4 33. g3 Qc6 34. Kg2 h6 0-1

[Event "NOR-ch U20"]
[Site "Stavanger"]
[Date "2017.07.04"]
[Round "5"]
[White "Kyrkjebo, Marte Bakken"]
[Black "Pettersen, Johan"]
[Result "1-0"]
[WhiteElo "1833"]
[BlackElo "1896"]
[PlyCount "35"]
[EventDate "2017.07.01"]
[EventType "swiss"]
[EventRounds "9"]
[EventCountry "NOR"]
[SourceTitle "EXT 2018"]
[Source "ChessBase"]
[SourceDate "2017.10.13"]
[SourceVersion "1"]
[SourceVersionDate "2017.10.13"]
[SourceQuality "1"]

1. e4 e6 2. d3 d5 3. Qe2 Nf6 4. Nf3 c5 5. g3 Nc6 6. Bg2 Be7 7. 0-0 0-0 8. e5 Nd7 9. c4 f6 10. exf6 Nxf6 11. Nc3 Nd4 12. Qd1 Nxf3+ 13. Bxf3 d4 14. Ne4 Nxe4 15. Bxe4 e5 16. Qh5 g6 17. Qxe5 Bd6 18. Bd5+ 1-0

[Event "Alesund Grand Prix A"]
[Site "Alesund"]
[Date "2017.04.01"]
[Round "4"]
[White "Kvamme, John Agnar"]
[Black "Kyrkjebo, Marte Bakken"]
[Result "1-0"]
[WhiteElo "2141"]
[BlackElo "1794"]
[PlyCount "67"]
[EventDate "2017.04.01"]
[EventType "swiss"]
[EventRounds "4"]
[EventCountry "NOR"]
[SourceTitle "EXT 2024"]
[Source "ChessBase"]
[SourceDate "2023.10.10"]
[SourceVersion "1"]
[SourceVersionDate "2023.10.10"]
[SourceQuality "1"]

1. Nf3 d5 2. g3 Nf6 3. Bg2 c6 4. b3 Bg4 5. Bb2 Nbd7 6. d3 e6 7. Nbd2 Be7 8. 0-0 0-0 9. h3 Bxf3 10. Nxf3 a5 11. a3 Qc7 12. c4 Rfd8 13. Qc2 Bf8 14. cxd5 exd5 15. e4 Qb6 16. Rfe1 h6 17. g4 Nh7 18. Rac1 dxe4 19. dxe4 Re8 20. e5 Rad8 21. Bf1 Be7 22. e6 fxe6 23. Bc4 Nhf8 24. Nd4 Nc5 25. Nf5 Bf6 26. Nxh6+ gxh6 27. Bxf6 Rd7 28. Ba1 Rde7 29. Qc3 Ng6 30. b4 axb4 31. axb4 Na6 32. Qf6 Kh7 33. Bd3 Nxb4 34. Qxg6# 1-0

[Event "Bergen Grand Prix op"]
[Site "Bergen"]
[Date "2016.11.11"]
[Round "4"]
[White "Kyrkjebo, Marte Bakken"]
[Black "Gronnestad, Anita"]
[Result "0-1"]
[WhiteElo "1890"]
[BlackElo "1928"]
[PlyCount "108"]
[EventDate "2016.11.11"]
[EventType "swiss"]
[EventRounds "5"]
[EventCountry "NOR"]
[SourceTitle "CBM 175 Extra"]
[Source "ChessBase"]
[SourceDate "2016.12.12"]
[SourceVersion "1"]
[SourceVersionDate "2016.12.12"]
[SourceQuality "1"]

1. e4 c5 2. Nf3 d6 3. Bb5+ Nc6 4. Bxc6+ bxc6 5. e5 d5 6. d3 Bg4 7. h3 Bh5 8. 0-0 e6 9. Nbd2 Ne7 10. b3 h6 11. Re1 Bg6 12. Bb2 Nf5 13. Qe2 h5 14. Nf1 Qb6 15. c3 Qa6 16. c4 Rd8 17. Red1 Qb6 18. Rac1 Be7 19. Bc3 h4 20. Qb2 Bh5 21. N1h2 a6 22. Qd2 Qa7 23. Ba5 Rd7 24. cxd5 cxd5 25. b4 0-0 26. bxc5 Bxc5 27. d4 Be7 28. Rc2 Bg6 29. Rc6 Qb7 30. Rb6 Qa8 31. Qe2 Ra7 32. Rc1 Bd8 33. Rcc6 Bxb6 34. Bxb6 Qxc6 35. Bxa7 Qc1+ 36. Nf1 Ra8 37. Bc5 a5 38. Qb5 Qc4 39. Qb7 Qa6 40. Qc7 Rc8 41. Qd7 Qc6 42. Qxc6 Rxc6 43. N1d2 Bh5 44. Kf1 f6 45. exf6 gxf6 46. a4 e5 47. Nb3 Bxf3 48. gxf3 exd4 49. Bxd4 Nxd4 50. Nxd4 Rc4 51. Nf5 d4 52. Nxh4 d3 53. Nf5 Rc1+ 54. Kg2 d2 0-1